000 00399nam a2200145 4500
999 _c512512
_d512512
008 191127b ||||| |||| 00| 0 eng d
100 _aKumar, Ashish
_913898
245 _aStrategy to promote rural education
260 _bKurukshetra
300 _a68(1), Nov, 2019: p.13-15.
700 _aIype, Sarah
_913899
773 _aKurukshetra
906 _aEducation, Rural - India
942 _2ddc
_cAR